| 000 | 00452nam a22001697a 4500 | ||
|---|---|---|---|
| 005 | 20240827140528.0 | ||
| 008 | 240827b |||||||| |||| 00| 0 eng d | ||
| 020 | _a9781119235590 | ||
| 082 |
_a659.144 _bDEI-D |
||
| 100 | _aDeiss, Rayan | ||
| 245 |
_aDigital Marketing Fd / _cRuss Henneberry |
||
| 260 |
_aUSA: _bWiley; _c2016. |
||
| 300 |
_axiv, 334 p. : _bill; _c24 cm. |
||
| 500 | _ainclude index. | ||
| 650 | _aMobile Application | ||
| 999 |
_c36482 _d36482 |
||